[Event "Qatar Masters op-B"]
[Site "Doha"]
[Date "2024.12.06"]
[Round "4"]
[White "Mosallam, Mohammad"]
[Black "Maraimov, Khudoyer"]
[Result "0-1"]
[WhiteElo "1753"]
[BlackElo "1833"]
[PlyCount "92"]
[EventDate "2024.12.03"]
[EventType "swiss"]
[EventRounds "9"]
[EventCountry "QAT"]
[SourceTitle "CB51_2024"]
[SourceDate "2024.12.18"]
[SourceVersion "1"]
[SourceVersionDate "2024.12.18"]
[SourceQuality "1"]

1. e4 c5 2. Nc3 e6 3. f4 Nc6 4. Nf3 a6 5. d3 b5 6. g3 Bb7 7. Bg2 Qc7 8. 0-0 Nd4 9. f5 Bd6 10. Ng5 Nf6 11. fxe6 dxe6 12. Bf4 e5 13. Bd2 h6 14. Nf3 0-0-0 15. Nxd4 exd4 16. Nd5 Nxd5 17. exd5 h5 18. Qf3 f6 19. Qf5+ Kb8 20. Rae1 h4 21. Bf4 Bxf4 22. gxf4 h3 23. Bh1 Rh4 24. Re6 Rd6 25. Rfe1 g6 26. Qxf6 Rxe6 27. Qxh4 Rxe1+ 28. Qxe1 Qxf4 29. Qg3 Qxg3+ 30. hxg3 Bc8 31. Bf3 Kc7 32. Kh2 Kd6 33. g4 Ke5 34. Kxh3 Kf4 35. Bd1 g5 36. Kg2 Ke3 37. Bf3 c4 38. Be4 Bxg4 39. Kg3 Bd7 40. d6 b4 41. Bg6 c3 42. bxc3 bxc3 43. Bf7 a5 44. a4 Bxa4 45. Kg4 Kd2 46. Kxg5 Kxc2 0-1

[Event "Al Ain U20 op 1st"]
[Site "Al Ain"]
[Date "2017.12.31"]
[Round "3"]
[White "Mosallam, Mohammad"]
[Black "Harikrishnan, C."]
[Result "0-1"]
[WhiteElo "1536"]
[BlackElo "1452"]
[PlyCount "130"]
[EventDate "2017.12.30"]
[EventType "swiss"]
[EventRounds "9"]
[EventCountry "UAE"]
[SourceTitle "CBM 182 Extra"]
[Source "ChessBase"]
[SourceDate "2018.02.23"]
[SourceVersion "1"]
[SourceVersionDate "2018.02.23"]
[SourceQuality "1"]

1. e4 e6 2. d4 d5 3. Nc3 Nf6 4. e5 Nfd7 5. f4 c5 6. Nf3 Nc6 7. Be3 Qb6 8. Na4 Qa5+ 9. Nc3 cxd4 10. Nxd4 Bb4 11. Qd2 Nc5 12. Bd3 Na4 13. 0-0 Nxc3 14. a3 Ne4 15. axb4 Nxd2 16. bxa5 Nxf1 17. Bxf1 Nxd4 18. Bxd4 Bd7 19. Bc5 a6 20. Be2 Bb5 21. Bf3 Rc8 22. b4 Rg8 23. Kf2 h6 24. Ra3 g5 25. g3 gxf4 26. gxf4 Kd7 27. Rc3 Rg7 28. Bd4 Rxc3 29. Bxc3 Kc6 30. Bd4 Ba4 31. c3 Bc2 32. Ke3 Bf5 33. Bd1 Rg2 34. Ba4+ Kc7 35. Bb6+ Kc8 36. Be8 Rxh2 37. Bxf7 Rh3+ 38. Kd4 Rd3+ 39. Kc5 Rxc3+ 40. Kd6 Rc6+ 41. Ke7 Bg4 42. Be8 Rc7+ 43. Kd6 Rg7 44. Bf2 Bf5 45. Ba7 Kd8 46. Ba4 h5 47. Bb6+ Kc8 48. Bf2 Kb8 49. Be8 Bg4 50. Bd7 Bf5 51. Be8 Rg4 52. Bxh5 Rxf4 53. Bb6 Rxb4 54. Kd7 Rh4 55. Bc7+ Ka8 56. Bf3 d4 57. Bd8 Rh7+ 58. Kc8 d3 59. Bc7 Rh8+ 60. Bd8 d2 61. Bxb7+ Ka7 62. Bf3 Bc2 63. Kd7 d1Q+ 64. Bxd1 Bxd1 65. Bb6+ Kb7 0-1

[Event "UAE-ch"]
[Site "Dubai"]
[Date "2016.09.23"]
[Round "1"]
[White "Saeed, Ishaq"]
[Black "Mosallam, Mohammad"]
[Result "1-0"]
[WhiteElo "2310"]
[BlackElo "1623"]
[PlyCount "67"]
[EventDate "2016.09.23"]
[EventType "swiss"]
[EventRounds "7"]
[EventCountry "UAE"]
[SourceTitle "EXT 2017"]
[Source "ChessBase"]
[SourceDate "2016.10.25"]
[SourceVersion "1"]
[SourceVersionDate "2016.10.25"]
[SourceQuality "1"]

1. Nf3 Nf6 2. c4 c5 3. e3 d6 4. d4 Bf5 5. Nc3 Nc6 6. Be2 Nb4 7. 0-0 Nc2 8. Nh4 Nxa1 9. Nxf5 Qd7 10. Ng3 g6 11. Bd2 Bg7 12. Qxa1 0-0 13. Rd1 cxd4 14. exd4 b6 15. Qc1 Rac8 16. d5 Ng4 17. h3 Ne5 18. b3 Qb7 19. Bh6 Rfd8 20. Bxg7 Kxg7 21. f4 Nd7 22. Qe3 Nf6 23. Bg4 Nxg4 24. hxg4 a6 25. a4 Qd7 26. f5 Qc7 27. Nce4 b5 28. axb5 axb5 29. c5 dxc5 30. d6 Qa5 31. Rf1 Rd7 32. dxe7 c4 33. f6+ Kh8 34. Qh6 1-0

[Event "UAE-ch U15 int"]
[Site "Al Ain"]
[Date "2015.04.08"]
[Round "6"]
[White "Imanov, Asim Mirasim"]
[Black "Mosallam, Mohammad"]
[Result "1-0"]
[WhiteElo "1723"]
[BlackElo "1473"]
[PlyCount "68"]
[EventDate "2015.04.06"]
[EventType "swiss"]
[EventRounds "9"]
[EventCountry "UAE"]
[SourceTitle "CBM 166 Extra"]
[Source "ChessBase"]
[SourceDate "2015.06.18"]
[SourceVersion "1"]
[SourceVersionDate "2015.06.18"]
[SourceQuality "1"]

1. e4 e5 2. Nf3 Nc6 3. Bc4 Nf6 4. Ng5 d5 5. exd5 Na5 6. Bb5+ c6 7. dxc6 bxc6 8. Be2 Bc5 9. 0-0 0-0 10. d3 h6 11. Ne4 Nxe4 12. dxe4 Qxd1 13. Rxd1 Be6 14. c3 Bb6 15. Nd2 Rfd8 16. b3 Nb7 17. Bb2 Nc5 18. Kf1 Nd3 19. Bxd3 Rxd3 20. Nf3 Rad8 21. Rxd3 Rxd3 22. Ke2 Rd8 23. Nxe5 c5 24. c4 f6 25. Nd3 a5 26. Nf4 Bf7 27. Rd1 Rxd1 28. Kxd1 Kf8 29. Nd5 Bxd5 30. cxd5 Ke7 31. Ke2 Kd6 32. f3 Bd8 33. Kd3 g6 34. Kc4 f5 1-0

[Event "Al Ain op 3rd"]
[Site "Al Ain"]
[Date "2014.12.22"]
[Round "5"]
[White "Mosallam, Mohammad"]
[Black "Sidharth, Balaji Sridharan"]
[Result "0-1"]
[WhiteElo "1486"]
[BlackElo "1114"]
[PlyCount "52"]
[EventDate "2014.12.19"]
[EventType "swiss"]
[EventRounds "9"]
[EventCountry "UAE"]
[SourceTitle "CBM 164 Extra"]
[Source "ChessBase"]
[SourceDate "2015.03.02"]
[SourceVersion "1"]
[SourceVersionDate "2015.03.02"]
[SourceQuality "1"]

1. e4 c5 2. d3 g6 3. g3 Nc6 4. Bg2 Bg7 5. f4 d6 6. Nf3 Nf6 7. 0-0 0-0 8. Nc3 Bd7 9. h3 Rb8 10. g4 b5 11. Be3 b4 12. Ne2 Ne8 13. f5 Bxb2 14. Rb1 Bg7 15. Qd2 Qa5 16. Kh1 Qxa2 17. Bh6 b3 18. Bxg7 Nxg7 19. Ra1 Qxc2 20. Qxc2 bxc2 21. Rac1 Rb2 22. Ra1 Rfb8 23. Nc3 R8b3 24. Na2 Rb1 25. Nd2 Rxf1+ 26. Rxf1 Rxd3 0-1

[Event "Sharjah op rapid"]
[Site "Sharjah"]
[Date "2014.07.08"]
[Round "8"]
[White "Mosallam, Mohammad"]
[Black "Mahmoud, Ahmed"]
[Result "0-1"]
[WhiteElo "1525"]
[BlackElo "1738"]
[PlyCount "44"]
[EventDate "2014.07.05"]
[EventType "swiss (rapid)"]
[EventRounds "9"]
[EventCountry "UAE"]
[SourceTitle "CBM 161 Extra"]
[Source "ChessBase"]
[SourceDate "2014.08.29"]
[SourceVersion "1"]
[SourceVersionDate "2014.08.29"]
[SourceQuality "1"]

1. e4 c5 2. Nc3 d6 3. g3 Nf6 4. Bg2 g6 5. d3 Bg7 6. Be3 Nc6 7. Qd2 Bd7 8. Bh6 0-0 9. h4 Ng4 10. Bxg7 Kxg7 11. f3 Nge5 12. h5 Rh8 13. hxg6 hxg6 14. Nh3 Nd4 15. Qf2 Qa5 16. 0-0-0 b5 17. Nd5 Qxa2 18. Nxe7 Qa1+ 19. Kd2 Qxb2 20. Rc1 Nb3+ 21. Ke2 Nxc1+ 22. Kd2 Ncxd3 0-1

[Event "Sharjah op rapid"]
[Site "Sharjah"]
[Date "2014.07.07"]
[Round "6"]
[White "Mosallam, Mohammad"]
[Black "Ahmed, Fareed"]
[Result "0-1"]
[WhiteElo "1525"]
[BlackElo "1815"]
[PlyCount "132"]
[EventDate "2014.07.05"]
[EventType "swiss (rapid)"]
[EventRounds "9"]
[EventCountry "UAE"]
[SourceTitle "CBM 161 Extra"]
[Source "ChessBase"]
[SourceDate "2014.08.29"]
[SourceVersion "1"]
[SourceVersionDate "2014.08.29"]
[SourceQuality "1"]

1. e4 e5 2. Nf3 Nc6 3. Bc4 Bc5 4. d3 Nf6 5. Nc3 a6 6. Be3 Be7 7. h3 d6 8. 0-0 Na5 9. Bb3 0-0 10. Nh2 Nxb3 11. axb3 d5 12. exd5 Nxd5 13. Nxd5 Qxd5 14. Qh5 g6 15. Qh6 Bf6 16. Nf3 Bg7 17. Qh4 Bd7 18. Bh6 f6 19. Bxg7 Kxg7 20. Qc4 Qd6 21. Rfe1 Be6 22. Qe4 Bd5 23. Qe2 Rae8 24. Nd2 Qc6 25. Ne4 f5 26. c4 fxe4 27. cxd5 Qxd5 28. dxe4 Qxb3 29. Rad1 Rf7 30. Rd3 Qe6 31. Red1 Ref8 32. f3 Qb6+ 33. Kh1 Qb5 34. Qd2 Re8 35. Rd7 Ree7 36. Rxe7 Rxe7 37. Qd8 Rf7 38. Qd2 Rf6 39. Qd7+ Qxd7 40. Rxd7+ Kh6 41. Rxc7 Rb6 42. Rc2 Kg5 43. g3 h5 44. h4+ Kf6 45. Kg2 Rb3 46. Rd2 g5 47. Rf2 gxh4 48. gxh4 b5 49. Rc2 a5 50. Kf2 b4 51. Ke2 a4 52. Rd2 Ke6 53. Rc2 Kd6 54. Rd2+ Ke6 55. Rc2 Kd7 56. Rd2+ Kc6 57. Rc2+ Kb6 58. Rd2 a3 59. bxa3 bxa3 60. Rc2 Kb5 61. f4 exf4 62. e5 f3+ 63. Kd2 f2 64. Rc1 Rf3 65. Ke2 f1Q+ 66. Kd2 Qf2+ 0-1